The Smiths- Lyrics Quiz - Statistics

General Stats
  • This quiz has been taken 58 times
  • The average score is 9 of 12
Answer Stats
Lyrics Answer Song % Correct
Two lovers entwined pass me by And _____ knows I'm _________ now heaven miserable Heaven Knows I’m Miserable Now
98%
In my life, why do I give valuable time To people who don't care if _ ____ or ___? I live die Heaven Knows I’m Miserable Now
96%
And if a ______-______ ___
Crashes into us
To die by your side
Is such a heavenly way to die
double decker bus There Is a Light That Never Goes Out
94%
Sweetness, I was only joking when I said By rights you should be bludgeoned in your bed And now I know how ____ __ ___ felt Joan of Arc Bigmouth strikes again
81%
To die by your side Well, the ________, the _________ is mine pleasure privilege There Is a Light That Never Goes Out
77%
Haven't had a dream in a long time
See, the life I've had
Can make a ____ ___ ___
good man bad Please, Please, Please, Let Me Get What I Want
75%
I want to leave, you will not miss me I want to go down in _______ _______ musical history Frankly, Mr. Shankly
70%
This night has opened my eyes
And I will _____ _____ again
You kicked and cried like a bullied child
never sleep This Night Has Opened My Eyes
64%
Than righteous or holy, any day, any day, any day
But sometimes I'd feel more fulfilled
Making Christmas cards with the ________ ___
mentally ill Frankly, Mr. Shankly
62%
She could have been a poet
Or she could have been a fool
Oh, you did a bad thing
And I'm not _____, and I'm not ___
happy sad This Night Has Opened My Eyes
58%
Then I'll tell you the story of my life: _______, ______ and ___ That's the story of my life sixteen clumsy shy Half a Person
49%
Call me ______, call me ____I've spent too long on your trail morbid pale Half a Person
43%
No matching quizzes found
Score Distribution
Percent of People with Each Score
Percentile by Number Answered
Your Score History
You have not taken this quiz